000 00562nam a22001817a 4500
003 UA-OsUOA
001 15533
007 ta
008 20031117b un ||||| |||| 00| 0 ukr d
100 _aЄпископ Інокентій
942 _cSA
040 _aUA-OsUOA
_cUA-OsUOA
_dUA-OsUOA
245 _aХрам - пам'ятник на Козацьких могилах під Берестечком
300 _aС.4
955 _a0
773 0 _w0
_tДуховна нива
_dРівне
_d2003
_g№7/ Серп./
650 7 _aКозацькі Могили
_2UDC
999 _c301698
_d301698